000 00776cab a2200229 4500
001 ABS38129
008 090401t1987 xxu||||| |||| 00| 0 eng d
035 _a(Sirsi) u8848
041 _aeng
100 _aPring, A.
245 _aGetting over contractual culture shock
260 _c1987
350 _a0
490 _aContract Journal
_v339(5631) 17 September 1987, 12-13(2)
520 _aDescribes the experiences of British contractors working for Japan ese firms in this country. Highlights the similarities and differences, the Japanese approach and how the British are adapting to their way of working.
650 _aCONSTRUCTION INDUSTRY
650 _aKUMAGAI GUMI
650 _aOHBAYASHI
690 _aBUILT ENVIRONMENT
942 _n0
948 _c04/03/1997
999 _c5480
_d5480